<?xml version="1.0" encoding="UTF-8"?>
<record
    xmlns:xsi="http://www.w3.org/2001/XMLSchema-instance"
    xsi:schemaLocation="http://www.loc.gov/MARC21/slim http://www.loc.gov/standards/marcxml/schema/MARC21slim.xsd"
    xmlns="http://www.loc.gov/MARC21/slim">

  <leader>01149nam a22002537a 4500</leader>
  <datafield tag="952" ind1=" " ind2=" ">
    <subfield code="0">0</subfield>
    <subfield code="1">0</subfield>
    <subfield code="4">0</subfield>
    <subfield code="7">0</subfield>
    <subfield code="a">19</subfield>
    <subfield code="b">19</subfield>
    <subfield code="d">2014-10-06</subfield>
    <subfield code="l">0</subfield>
    <subfield code="o">LB1062.6 T67</subfield>
    <subfield code="p">19 001839</subfield>
    <subfield code="r">2014-10-06</subfield>
    <subfield code="t">1</subfield>
    <subfield code="w">2014-10-06</subfield>
    <subfield code="y">LB</subfield>
  </datafield>
  <datafield tag="999" ind1=" " ind2=" ">
    <subfield code="c">94516</subfield>
    <subfield code="d">94516</subfield>
  </datafield>
  <controlfield tag="005">20231102151737.0</controlfield>
  <controlfield tag="008">140728b20102005mx ap||| |||| 00| 0 spa d</controlfield>
  <datafield tag="020" ind1=" " ind2=" ">
    <subfield code="a">9701510267</subfield>
  </datafield>
  <datafield tag="050" ind1=" " ind2=" ">
    <subfield code="a">LB1062.6</subfield>
    <subfield code="b">T67</subfield>
  </datafield>
  <datafield tag="100" ind1=" " ind2=" ">
    <subfield code="a">Torre Zerme&#xF1;o, Francisco de la</subfield>
    <subfield code="e">autor</subfield>
  </datafield>
  <datafield tag="245" ind1=" " ind2=" ">
    <subfield code="a">12 lecciones de pedagog&#xED;a, educaci&#xF3;n y did&#xE1;ctica</subfield>
    <subfield code="c">/ Francisco De la Torre Zerme&#xF1;o</subfield>
  </datafield>
  <datafield tag="260" ind1=" " ind2=" ">
    <subfield code="a">M&#xE9;xico</subfield>
    <subfield code="b">: Alfaomega</subfield>
    <subfield code="c">, 2005</subfield>
  </datafield>
  <datafield tag="300" ind1=" " ind2=" ">
    <subfield code="a">263 p&#xE1;ginas</subfield>
  </datafield>
  <datafield tag="505" ind1=" " ind2=" ">
    <subfield code="a">Pedagog&#xED;a, Educaci&#xF3;n y did&#xE1;ctica
Los protagonistas del proceso de ense&#xF1;anza-aprendizaje
Elefecto pigmali&#xF3;n
El enfoque constructivista
La lectura de comprenci&#xF3;n
L lectura de estudio
 Mapas mentales
Hexagramas
Las actividades l&#xFA;dicas (juegos) en la educaci&#xF3;n
La evaluac&#xF3;n
Los reactivos
El sistema de educaci&#xF3;n a distancia</subfield>
  </datafield>
  <datafield tag="519" ind1=" " ind2=" ">
    <subfield code="a">Educaci&#xF3;n Mixta / </subfield>
    <subfield code="b">Pedagog&#xED;a / </subfield>
    <subfield code="c">Didactica general II (P02-1) / </subfield>
    <subfield code="d">(19 001839)</subfield>
  </datafield>
  <datafield tag="650" ind1="1" ind2=" ">
    <subfield code="a">PEDAGOG&#xCD;A</subfield>
  </datafield>
  <datafield tag="650" ind1="2" ind2=" ">
    <subfield code="a">ESTRATEG&#xCD;AS DE APRENDIZAJE</subfield>
  </datafield>
  <datafield tag="650" ind1="3" ind2=" ">
    <subfield code="a">EDUCACI&#xD3;N</subfield>
  </datafield>
  <datafield tag="650" ind1="3" ind2=" ">
    <subfield code="a">EVALUACI&#xD3;N, LA </subfield>
    <subfield code="v">PEDAGOG&#xCD;A</subfield>
  </datafield>
  <datafield tag="650" ind1="3" ind2=" ">
    <subfield code="a">LECTURA DE COMPRENSI&#xD3;N</subfield>
  </datafield>
  <datafield tag="650" ind1="3" ind2=" ">
    <subfield code="a">HEXAGRAMAS</subfield>
  </datafield>
  <datafield tag="650" ind1="3" ind2=" ">
    <subfield code="a">EDUCACI&#xD3;N A DISTANCIA</subfield>
    <subfield code="v">SISTEMA, EL</subfield>
  </datafield>
  <datafield tag="942" ind1=" " ind2=" ">
    <subfield code="c">LB</subfield>
  </datafield>
</record>
